Cultura Generale #5 - Statistics

Statistiche generali
  • Questo quiz è stato fatto 307 volte
  • Il punteggio medio è 15 su 20
Statistiche sulle risposte
Domande Risposte % Corretto
Qual è il fiume più lungo d’Italia? Po
98%
Quanti pianeti ci sono nel nostro sistema solare? 8
97%
In quale città si trova la “Sagrada Família”? Barcellona
92%
Di che colore è un rubino? Rosso
90%
Quanti denti ha un essere umano adulto? 32
89%
Quanti punti vale un tiro libero nel basket? Uno
89%
Quale paese europeo ha il maggior numero di siti Patrimonio dell’Umanità? Italia
88%
Chi ha dipinto “La nascita di Venere”? Sandro Botticelli
85%
In quale continente si trova il deserto del Gobi? Asia
83%
Qual è il capoluogo della regione Basilicata? Potenza
82%
Dove si trova la Transilvania? Romania
82%
Da quale città provengono i Beatles? Liverpool
81%
Quale squadra di calcio è conosciuta come “Red Devils”? Manchester United
70%
In quale provincia italiana si trova Sassuolo? Modena
68%
Qual è forma di governo italiana? Repubblica parlamentare
68%
Quale parte di una pianta conduce la fotosintesi? Foglia
64%
Qual è stato il primo lungometraggio d’animazione Disney? Biancaneve e i sette nani
60%
Qual è il tipo di albero più alto? Sequoia
50%
Chi è il regista del film “Per un pugno di dollari”? Sergio Leone
48%
Quale elemento è indicato dal simbolo chimico “Sn” nella tavola periodica? Stagno
46%
Nessun quiz corrispondente trovato
Distribuzione punteggi
Percentuale di utenti per punteggio
Percentile per numero di risposta
I tuoi punteggi nel tempo
Non hai fatto questo quiz